000 00960nam a2200277 i 4500
001 bg
100 1 _aBEARD, David.
245 1 0 _aFlash 5 ActionScript :
_btechniki zaawansowane /
_cDavid Beard [et al. ; [tł. Łukasz Oberan, Wojciech Pazdur, REmigiusz Wilk].
246 _iTyt. oryg.:
_aFlash 5 ActionScript Studio
260 _aGliwice :
_b"Helion",
_c2002.
300 _a611 s. :
_bil. ;
_c25 cm +
_e+ CD ROM.
500 _aTyt. oryg.: "Flash 5 ActionScript Studio".
504 _aIndeks.
650 9 _aFlash F/X
655 _aPodręczniki
700 1 _aBEARD, David.
020 _a8371975678
040 _cBPK
041 1 _apl
_hen
080 _a004.42:004.738.52:004.92](07)
920 _a83-7197-567-8
942 _cKS
008 s pl f |000 0 pol
999 _c40967
_d40967
856 _uhttp://koha.tu.koszalin.pl/cgi-bin/koha/opac-detail.pl?biblionumber=40967
_yKatalog online BPK